| 000 | 00833nam a2200289 i 4500 | ||
|---|---|---|---|
| 001 | bgj | ||
| 100 | 1 |
_aCRANE, Stephen _d(1871-1900). |
|
| 245 | 1 | 0 |
_aThe Red Badge of Courage / _cStephen Crane. |
| 250 | _aPenguin/Godfrey Cave Edtion. | ||
| 260 |
_aLondon : _bPenguin Books, _c1994. |
||
| 300 |
_a158 pp ; _c18 cm. |
||
| 490 | 1 | _aPenguin Popular Classics | |
| 650 | 9 | _aChancellorsville, Battle of, Chancelorsville, Va, 1863 | |
| 650 | 9 | _aWar | |
| 650 | 9 | _aComing of age | |
| 650 | 9 | _aHistorical fiction | |
| 650 | 9 | _aWar stories | |
| 651 | 9 |
_aUnited States _xHistory _yCivil War, 1861-1865 |
|
| 655 | _aFiction | ||
| 830 | _aPenguin Popular Classics | ||
| 020 | _a0140620893 (pbk) | ||
| 040 | _cBPK | ||
| 041 | 0 | _aeng | |
| 920 | _a0-14-062089-3 (pbk) | ||
| 942 | _cKS | ||
| 008 | s uk f |000 0 eng | ||
| 999 |
_c48012 _d48012 |
||
| 856 |
_uhttp://koha.tu.koszalin.pl/cgi-bin/koha/opac-detail.pl?biblionumber=48012 _yKatalog online BPK |
||